|
|
|
|
| LEADER |
00000ckm a2200000 a 4500 |
| 001 |
vtls008629790 |
| 003 |
SK-MaSNL |
| 005 |
20260512122008.0 |
| 007 |
kp co |
| 008 |
231206q2006 xo g kuslo |
| 015 |
|
|
|a SNBG2009/03-00566
|
| 035 |
|
|
|a D4C6A948-B30D-4284-85D2-FAFC8D050CAE
|
| 035 |
|
|
|a urn:nbn:sk:snk-km004bx3
|
| 035 |
|
|
|a urn:nbn:sk:snk-kmtgqa
|
| 040 |
|
|
|a SNK
|b slo
|c SNK
|e AACR2
|
| 041 |
0 |
|
|a slo
|
| 043 |
|
|
|a e-xo---
|
| 044 |
|
|
|a xo
|c SK
|
| 080 |
|
|
|a 908(437.6)
|2 2001
|
| 080 |
|
|
|a (084.121)
|2 2001
|
| 080 |
|
|
|a (437.6)
|2 2001
|
| 100 |
1 |
|
|a Tarábek, Ján,
|d 1978-
|4 pht
|9 178454
|
| 245 |
1 |
0 |
|a Pozdrav z Liptova
|h grafika
|b Liptovské, Matiašovce ...
|c foto Ján Tarábek
|
| 260 |
|
|
|a [Nitra]
|b FOTAR
|c [2006?]
|
| 300 |
|
|
|a 1 pohľadnica
|b farebná
|c 11 x 15 cm
|
| 500 |
|
|
|a Obsahuje 9 čiastkových pohľadov
|
| 500 |
|
|
|a Rok vydania určený na základe prírastkového čísla
|
| 500 |
|
|
|a Na adresnej časti uvedené: "FOTO © Ján Tarábek"
|
| 651 |
|
7 |
|a Liptov (Slovensko : región)
|2 SNKPH
|9 151081
|
| 655 |
|
7 |
|a miestne pohľadnice
|2 SNKPH
|9 70510
|
| 655 |
|
7 |
|a pohľadnice kultúrnych pamiatok
|2 SNKPH
|9 70523
|
| 852 |
|
|
|a Slovenská národná knižnica
|
| 958 |
|
|
|a GC
|
| 958 |
|
|
|a GBN
|
| 958 |
|
|
|a OND
|
| 999 |
|
|
|c 565658
|d 567588
|
| 952 |
|
|
|a SNK
|b SNK
|y PREZ
|7 0
|p 17A0499728
|o snkSP 151896
|i snk2006/5129
|8 0
|0 0
|1 0
|4 0
|d 2006-03-09
|f 1
|l 0
|r 2026-02-23 13:56:47
|w 2026-02-23
|
| 952 |
|
|
|a SNK
|b SNK
|y PREZ
|7 0
|p 17A0499727
|o snkSP 151896 D1
|i snk2006/5130
|8 0
|0 0
|1 0
|4 0
|d 2006-03-09
|l 0
|r 2026-02-23 13:56:47
|w 2026-02-23
|